000 00902nam a22002897a 4500
001 BR7301409
003 BR-BrBNA
005 20230928083856.0
007 ta
008 230509b bl.||||| |||| 00| 0 por d
040 _aBR-BrBNA
_bpor
_cBiblioteca Nacional de Agricultura
041 _a(Por)
072 _aE70; F00
_b0150
_b/G514
090 _ 0150 BR7301409
100 1 _aLins, E.R. de
100 1 _aRamos, J.A.B.
110 1 _aInstituto de Economia Agricola, Sao Paulo, SP (Brasil)
_96029
245 1 _aEstrutura da producao e comercializacao de arroz no municipio de Guaira [Sao Paulo; Brasil]
260 3 _aSao Paulo, SP (Brasil):
_c1970.
300 _a80 p.
500 _a(*) Documento disponível no(a) Instituto de Economia Agricola, Sao Paulo, SP (Brazil)
650 _aARROZ
650 _aSAO PAULO
650 _aGUAIRA
909 _a202309
_bLucia
_c55
_dLucia Elande
942 _cBK
999 _c15633
_d15633